000 00879cab a2200277 4500
001 ABS54387
008 090401t1995 xxu||||| |||| 00| 0 eng d
035 _a(Sirsi) u10070
041 _aeng
100 _aParkhill, J.
245 _aToronto
260 _c1995
350 _a0
490 _aNational Real Estate Investor
_v37(13) December 1995, 74&19(2)
520 _aBriefly reviews the state of the commercial property market in Toronto.
650 _aCANADA
650 _aINDUSTRIAL MARKET
650 _aINVESTMENT MARKET
650 _aPROPERTY-COMMERCIAL PROPERTY-OFFICE PROPERTY-OFFICE PROPERTY MARKET
650 _aPROPERTY-COMMERCIAL PROPERTY-RETAIL PROPERTY-RETAIL PROPERTY MARKET
650 _aTORONTO
690 _aPROPERTY-COMMERCIAL PROPERTY-COMMERCIAL PROPERTY MARKET
690 _aOVERSEAS-REST OF THE WORLD
942 _n0
948 _c04/03/1997
999 _c6328
_d6328